00754nam a2200217Ia 4500003000900000008004100009020001800050040001600068080002500084100002900109245007900138250001200217260005000229300001400279650002800293650003800321700002900359942000700388999001500395952012600410IN-BaIIA211028s9999 xx 000 0 eng d a0-7210-0923-9 cIIA Library a(035)624.012.45bREY aReynolds,Charles E98746 0aReinforced concrete designer's handbookcC. E. Reynolds and J. C. Steedman a8th ed. aLondonbCement and Concrete Associationc1974 axv, 439p. aCivil engineering95496 aHandbook-Civil Engineering.98747 aSteedman, James C.98748 cBK c4887d4887 00104070aBANbBANcGENd1976-07-08g89.00l0o(035)624.012.45/ REYp5470r2021-11-05v89.00w1976-07-08yBKGRs. 89.00